000 00278nam a22001217a 4500
003 OSt
008 250124b |||||||| |||| 00| 0 eng d
041 _aeng
082 _a631.372
_bJAI/FA
100 _aJain, SC
_96904
245 _aFarm Tractor Maintenance and Repair
942 _cBK
999 _c19129
_d19129